000 01002nam a2200193 a 4500
008 120416s1977 ||||||||||||||||| || u
050 _aHD 31 Buc
100 _aBuchele, Robert B
245 1 4 _aThe management of business and public organizations
260 _aTokyo
_bMcGraw-Hill
_c1977
350 _a0.00
650 0 _aMANAGEMENT
650 _aBUSINESS MANAGEMENT
650 _aPUBLIC ORGANIZATIONS
995 _aBINDERY (DAMAGED)
_D0.00
_e706110
_FCBU-MAIN LIBRARY (Kitwe)
_H2
_I0.00
_jHD 31 Buc
_M2
_UDAMAGED
_y003034
_ZMain Library Open Access Collection
995 _aBINDERY (DAMAGED)
_D0.00
_e705552
_FCBU-MAIN LIBRARY (Kitwe)
_H1
_I0.00
_jHD 31 Buc
_M4
_UDAMAGED
_y003036
_ZMain Library Open Access Collection
995 _aBINDERY (DAMAGED)
_D0.00
_e702322
_FCBU-MAIN LIBRARY (Kitwe)
_H4
_I0.00
_jHD 31 Buc
_M1
_UDAMAGED
_y003033
_ZMain Library Open Access Collection
995 _aBINDERY (DAMAGED)
_D0.00
_e705553
_FCBU-MAIN LIBRARY (Kitwe)
_H3
_I0.00
_jHD 31 Buc
_M3
_UDAMAGED
_y003035
_ZMain Library Open Access Collection
999 _c82450
_d82450